Noções gerais e limitações formais ao poder de tributar / (Record no. 19)

MARC details
000 -LÍDER
Campo Fixo de Controle 01029cam a2200265 a 4500
001 - NÚMERO DE CONTROLE
Campo de Controle 19
003 - IDENTIFICAÇÃO DO NÚMERO DE CONTROLE
Campo de Controle BR-CuiBMT
005 - DATA E HORA DA ÚLTIMA ATUALIZAÇÃO
Campo de Controle 20231216013837.0
008 - DADOS FIXOS
Dados Fixos 230728s2021 mgba 000 0 por d
020 ## - INTERNATIONAL STANDARD BOOK NUMBER
Nº do ISBN 9786555183078
040 ## - AGÊNCIA CATALOGADORA
Código da Agência Catalogadora BR-CuiBMT
Agência que transcreveu o registro BR-CuiBMT
080 ## - Nº DA CLASSIFICAÇÃO DECIMAL UNIVERSAL
Nº edição CDU 2007
Nº Class. CDU 342:336.22
090 ## - NÚMERO DE CHAMADA
Nº classificação 342:336.22
Cutter N758
245 00 - TÍTULO PRINCIPAL
Título principal Noções gerais e limitações formais ao poder de tributar /
Indicação de responsabilidade Oswaldo Othon de Pontes Saraiva Filho ... [et al.] coordenadores ; prefácio Vasco Branco Guimarães.
260 ## - PUBLICAÇÃO, DISTRIBUIÇÃO, ETC.
Local de publicação Belo Horizonte :
Editora Fórum,
Data 2021.
300 ## - DESCRIÇÃO FÍSICA
N. páginas ou volumes 494 p. :
Ilustrações il. ;
Dimensões 22 cm
490 1# - INDICAÇÃO DE SÉRIE
Título da série Coleção Fórum princípios constitucionais tributários ;
Volume/designação sequencial da série 1
504 ## - NOTA DE BIBLIOGRAFIA, ETC.
Nota de bibliografia Inclui bibliografia.
650 ## - ASSUNTO TÓPICO
Cabeçalho tópico ou nome geográfico Direito tributário
Subdivisão geográfica Brasil
650 ## - ASSUNTO TÓPICO
Cabeçalho tópico ou nome geográfico Competência tributária
Subdivisão geral Limitações
Subdivisão geográfica Brasil
650 ## - ASSUNTO TÓPICO
Cabeçalho tópico ou nome geográfico Direito constitucional
Subdivisão geral Questões tributárias
Subdivisão geográfica Brasil
700 1# - ENTRADA SECUNDÁRIA -- NOME PESSOAL
Nome pessoal Saraiva Filho, Oswaldo Othon de Pontes
Cód. do termo explicativo et al.
-- coord.
830 #0 - ENTRADA SECUNDÁRIA DE SÉRIE -- TÍTULO UNIFORME
Título uniforme Fórum princípios constitucionais tributários ;
Nº do volume/designação sequencial da série 1
942 ## - ELEMENTOS DE ENTRADA ADICIONAIS (KOHA)
Fonte de classificação ou esquema de arquivamento Classificação Decimal Universal
Tipo de item do Koha Livros
Holdings
Estado: removido Estado: perdido Fonte de classificação ou esquema de arquivamento Estado: danificado Indisponível para empréstimo Localização permanente Localização atual Data de aquisição Total Checkouts Número de Chamada completo Código de barras Date last seen Número do exemplar Preço efetivo a partir de Tipo de item (Koha)
    Classificação Decimal Universal     Biblioteca da Escola Superior de Contas do TCE/MT Biblioteca da Escola Superior de Contas do TCE/MT 28/06/2023   342.336.22 N758 BIBTCEMT23070021 28/07/2023 Ex. 1 28/07/2023 Livros
    Classificação Decimal Universal     Biblioteca da Escola Superior de Contas do TCE/MT Biblioteca da Escola Superior de Contas do TCE/MT 15/12/2023   342.336.22 N758 BIBTCEMT23120687 16/12/2023 Ex. 2 16/12/2023 Livros
    Classificação Decimal Universal     Biblioteca da Escola Superior de Contas do TCE/MT Biblioteca da Escola Superior de Contas do TCE/MT 15/12/2023   342.336.22 N758 BIBTCEMT23120688 16/12/2023 Ex. 3 16/12/2023 Livros

Powered by Koha